Synthesis, Crystal Structure, and Luminescent Properties of Novel Zinc Metal-Organic Frameworks Based on 1,3-Bis(1,2,4-triazol-1-yl)propane; Crystal Growth & Design; Vol. 17, iss. 10
| Parent link: | Crystal Growth & Design Vol. 17, iss. 10.— 2017.— [Р. 5559-5567] |
|---|---|
| Körperschaft: | |
| Weitere Verfasser: | , , , , , , |
| Zusammenfassung: | Title screen Three new zinc three-dimensional coordination polymers with flexible 1,3-bis(1,2,4-triazol-1-yl)propane ligand were synthesized. The crystal structures of synthesized compounds were determined, and structural peculiarities are discussed. Coordination compounds with composition [Zn(btrp)(bdc)]·nDMF are interpenetrated frameworks, while metal-organic framework (MOF) [Zn3(btrp)(bdc)3]·nDMF is not. Thermal stability and luminescent properties of synthesized compounds have been investigated. The possibility of usage of such compounds as sensitive materials for some aromatic compounds are explored, and it was shown that luminescence of coordination polymers is completely quenched in the presence of nitrobenzene. Sorption properties of synthesized MOFs toward nitrogen, carbon dioxide, and hydrogen were evaluated. |
| Sprache: | Englisch |
| Veröffentlicht: |
2017
|
| Schlagworte: | |
| Online-Zugang: | https://doi.org/10.1021/acs.cgd.7b01133 |
| Format: | MixedMaterials Elektronisch Buchkapitel |
| KOHA link: | https://koha.lib.tpu.ru/cgi-bin/koha/opac-detail.pl?biblionumber=665857 |
MARC
| LEADER | 00000naa0a2200000 4500 | ||
|---|---|---|---|
| 001 | 665857 | ||
| 005 | 20250211144901.0 | ||
| 035 | |a (RuTPU)RU\TPU\network\37061 | ||
| 035 | |a RU\TPU\network\23011 | ||
| 090 | |a 665857 | ||
| 100 | |a 20211118d2017 k||y0rusy50 ba | ||
| 101 | 0 | |a eng | |
| 102 | |a US | ||
| 135 | |a drcn ---uucaa | ||
| 181 | 0 | |a i | |
| 182 | 0 | |a b | |
| 200 | 1 | |a Synthesis, Crystal Structure, and Luminescent Properties of Novel Zinc Metal-Organic Frameworks Based on 1,3-Bis(1,2,4-triazol-1-yl)propane |f E. Yu. Semitut, T. S. Sukhikh, E. Yu. Filatov [et al.] | |
| 203 | |a Text |c electronic | ||
| 300 | |a Title screen | ||
| 320 | |a [References: 14 tit.] | ||
| 330 | |a Three new zinc three-dimensional coordination polymers with flexible 1,3-bis(1,2,4-triazol-1-yl)propane ligand were synthesized. The crystal structures of synthesized compounds were determined, and structural peculiarities are discussed. Coordination compounds with composition [Zn(btrp)(bdc)]·nDMF are interpenetrated frameworks, while metal-organic framework (MOF) [Zn3(btrp)(bdc)3]·nDMF is not. Thermal stability and luminescent properties of synthesized compounds have been investigated. The possibility of usage of such compounds as sensitive materials for some aromatic compounds are explored, and it was shown that luminescence of coordination polymers is completely quenched in the presence of nitrobenzene. Sorption properties of synthesized MOFs toward nitrogen, carbon dioxide, and hydrogen were evaluated. | ||
| 461 | |t Crystal Growth & Design | ||
| 463 | |t Vol. 17, iss. 10 |v [Р. 5559-5567] |d 2017 | ||
| 610 | 1 | |a электронный ресурс | |
| 610 | 1 | |a труды учёных ТПУ | |
| 610 | 1 | |a синтез | |
| 610 | 1 | |a кристаллические структуры | |
| 610 | 1 | |a люминесцентные свойства | |
| 610 | 1 | |a металлорганические каркасы | |
| 610 | 1 | |a полимеры | |
| 610 | 1 | |a цинк | |
| 701 | 1 | |a Semitut |b E. Yu. |g Evgeny Yurjevich | |
| 701 | 1 | |a Sukhikh |b T. S. |g Taisiya Sergeevna | |
| 701 | 1 | |a Filatov |b E. Yu. |g Evgeny Yurjevich | |
| 701 | 1 | |a Anosova |b G. A. |g Galina Aleksandrovna | |
| 701 | 1 | |a Ryadun |b A. A. |g Alexey Andreevich | |
| 701 | 1 | |a Kovalenko |b K. A. |g Konstantin Aleksandrovich | |
| 701 | 1 | |a Potapov |b A. S. |c Chemist |c Professor of Tomsk Polytechnic University, Doctor of chemical sciences |f 1981- |g Andrey Sergeevich |3 (RuTPU)RU\TPU\pers\33909 | |
| 712 | 0 | 2 | |a Национальный исследовательский Томский политехнический университет |b Инженерная школа энергетики |b Отделение электроэнергетики и электротехники |3 (RuTPU)RU\TPU\col\23505 |
| 801 | 2 | |a RU |b 63413507 |c 20211118 |g RCR | |
| 856 | 4 | |u https://doi.org/10.1021/acs.cgd.7b01133 | |
| 942 | |c CF | ||